| 000 | 00941cam a2200265 a 4500 | ||
|---|---|---|---|
| 008 | 181021s2007 ti a 000 0dfre d | ||
| 040 |
_aEG-GiCUC _bfre _bEG-GiCUC |
||
| 043 | _af-ti--- | ||
| 092 | 0 | 4 |
_a961.109 _bB6121tu _221 |
| 099 |
_a04 _a961.109 B6121tu |
||
| 245 | 0 | 0 |
_aTunisie 20e Anniversaire du changement 1987-2007 / _cAgence Tunisienne de Communication Exterieure. |
| 260 |
_aTunisia : _bL'Agence Tunisienne de Communicati, _c2007. |
||
| 300 |
_a194 p. : _bill. ; _c29 cm. |
||
| 600 | 1 | 0 | _aBin ʻAli, Zayn al-ʻAbidin. |
| 650 | 0 |
_aPolitical corruption _zTunisia. |
|
| 650 | 0 |
_aPolitical persecution _zTunisia. |
|
| 651 | 0 |
_aTunisia _xHistory _y1987- |
|
| 651 | 0 |
_aTunisia _xPolitics and government _y1987-2011. |
|
| 651 | 0 |
_aTunisia _xPolitics and government _y21st century. |
|
| 902 | _a1 | ||
| 905 |
_aAmro L. _eCat |
||
| 905 |
_aJihan _eRev. |
||
| 942 |
_2ddc _cBK |
||
| 999 |
_c150904 _d150904 |
||